Empirický model stanovení přílivu zahraničního kapitálu pro privatizaci státních podniků

V posledných desiatich rokoch je jednou zo základných povinností vlády sústrediť sa na privatizáciu štátnych podnikov. Stanovenie pravidiel a nariadení na uskutočnenie privatizácie a príliv zahraničného kapitálu. Základy fungovania empirického modelu. Simulácia modelu (príklad).

Salvato in:
Dettagli Bibliografici
Autore principale: Turgay, T.
Natura: Capitolo di libro
Lingua:ceco
Soggetti:
Tags: Aggiungi Tag
Nessun Tag, puoi essere il primo ad aggiungerne!!

MARC

LEADER 00000naa a2200000 4500
001 r021209
005 20230912085407.3
041 0 |a cze 
044 |a CZ 
245 1 0 |a Empirický model stanovení přílivu zahraničního kapitálu pro privatizaci státních podniků  |c T. Turgay 
520 |a V posledných desiatich rokoch je jednou zo základných povinností vlády sústrediť sa na privatizáciu štátnych podnikov. Stanovenie pravidiel a nariadení na uskutočnenie privatizácie a príliv zahraničného kapitálu. Základy fungovania empirického modelu. Simulácia modelu (príklad). 
610 2 0 |a privatizácia 
610 2 0 |a podnik štátny 
610 2 0 |a kapitál zahraničný 
610 2 0 |a modely 
610 2 0 |a majetok kmeňový 
610 2 0 |a zisk 
610 2 0 |a ceny predajné 
610 2 0 |a vláda 
610 2 0 |a ministerstvá 
100 1 |a Turgay, T.